Καπιταλισμός, σοσιαλισμός, οικολογία

Αποθηκεύτηκε σε:
Λεπτομέρειες βιβλιογραφικής εγγραφής
Κύριος συγγραφέας: Gorz, Andre
Άλλοι συγγραφείς: Μπάλιας, Στάθης, 1957- (Μεταφραστής)
Μορφή: Βιβλίο
Γλώσσα:Greek
French
Δημοσίευση: [Αθήνα] : Εναλλακτικές Εκδόσεις, 1993.
Σειρά:Θεωρία (Εναλλακτικές Εκδόσεις) ; 16
Θέματα:
Ετικέτες: Προσθήκη ετικέτας
Δεν υπάρχουν, Καταχωρήστε ετικέτα πρώτοι!

MARC

LEADER 00000cam a2200000 i 4500
001 1/68040
008 071217s1993 gr | ||| |||| ||gre||
020 |a 9789604270194 
020 |a 9604270192 
035 |l 10093160 
040 |a GR-MyUA  |b gre  |e AACR2 
041 1 |a gre  |h fre 
082 7 |a 330.1220944   |2 (22) 
100 1 |a Gorz, Andre. 
245 1 0 |a Καπιταλισμός, σοσιαλισμός, οικολογία /   |c Andre Gorz ; μετάφραση: Στάθης Μπάλιας.  
260 |a [Αθήνα] :   |b Εναλλακτικές Εκδόσεις,   |c 1993.  
300 |a 211 σ. ;   |c 21 εκ.  
490 1 |a (Θεωρία / Εναλλακτικές εκδόσεις ;   |v  16)  
500 |a Τίτλος πρωτοτύπου: Capitalisme, socialisme, ecologie.  
504 |a Περιέχει βιβλιογραφικές παραπομπές.  
650 0 0 |a Quality of work life  |z France. 
650 0 0 |a Work. 
650 0 0 |a Socialism  |z France. 
650 0 0 |a Capitalism  |z France. 
700 1 |a Μπάλιας, Στάθης,   |d 1957-  |e trl 
830 0 |a Θεωρία (Εναλλακτικές Εκδόσεις)  |v  ; 16 
852 |a INST  |b LESVOS  |e 20071217  |h 330.1220944 GOR  |p 005100040377  |q 005100040377  |t BK  |y 0 
901 |a BIBL1-2007-3 
909 |a Λ  |b 142107 
922 |a 1ΕΛΗ  |b 200711  |c ΕΠΕΑΕΚ2/ΤΠ  |d Σ. ΠΑΤΑΚΗΣ 
970 |a ΚΑΡΑ  |b ΓΙΑΣΕΜΗ  |z 2007/12/17